MARC details
| 000 -CABECERA |
| campo de control de longitud fija |
01009nam a2200265 a 4500 |
| 001 - NÚMERO DE CONTROL |
| campo de control |
000012280 |
| 005 - FECHA Y HORA DE LA ÚLTIMA TRANSACCIÓN |
| campo de control |
20240530073913.0 |
| 008 - DATOS DE LONGITUD FIJA--INFORMACIÓN GENERAL |
| campo de control de longitud fija |
091110s2001 dr 000 f spa d |
| 020 ## - NÚMERO INTERNACIONAL ESTÁNDAR DEL LIBRO |
| Número Internacional Estándar del Libro |
9962812054 |
| 040 ## - FUENTE DE LA CATALOGACIÓN |
| Centro catalogador/agencia de origen |
DO-SdBNP |
| Lengua de catalogación |
spa |
| Centro/agencia transcriptor |
BNPHU |
| 082 ## - NÚMERO DE LA CLASIFICACIÓN DECIMAL DEWEY |
| Número de clasificación |
RD863.44 |
| Número de documento/Ítem |
D671m, 2001 |
| 100 1# - ENTRADA PRINCIPAL--NOMBRE DE PERSONA |
| Nombre de persona |
Domínguez, Francisca Otilia, |
| Fechas asociadas al nombre |
1923- |
| 9 (RLIN) |
24943 |
| 245 10 - MENCIÓN DE TÍTULO |
| Título |
Mamá la tierra : |
| Resto del título |
novela testimonial / |
| Mención de responsabilidad, etc. |
Francisca Otilia Domínguez ; prólogo Tony Raful. |
| 250 ## - MENCIÓN DE EDICIÓN |
| Mención de edición |
2a. ed. |
| 260 ## - PUBLICACIÓN, DISTRIBUCIÓN, ETC. |
| Lugar de publicación, distribución, etc. |
Panamá : |
| Nombre del editor, distribuidor, etc. |
Circulo de Lectura de la USMA, |
| Fecha de publicación, distribución, etc. |
2001. |
| 300 ## - DESCRIPCIÓN FÍSICA |
| Extensión |
163 p. ; |
| Dimensiones |
21 cm. |
| 500 ## - NOTA GENERAL |
| Nota general |
La biblioteca posee la 3a. reimpresión de la 2a. edición del 2004 |
| 500 ## - NOTA GENERAL |
| Nota general |
Incluye datos biográficos de la autora en las solapas. |
| 504 ## - NOTA DE BIBLIOGRAFÍA, ETC. |
| Nota de bibliografía, etc. |
Incluye referencias bibliográficas y notas al pie de las páginas. |
| 590 ## - NOTA LOCAL (RLIN) |
| Nota local |
Inventariado,2019/VM |
| 650 #0 - PUNTO DE ACCESO ADICIONAL DE MATERIA--TÉRMINO DE MATERIA |
| Término de materia o nombre geográfico como elemento de entrada |
Novela dominicana |
| 9 (RLIN) |
223 |
| 650 #0 - PUNTO DE ACCESO ADICIONAL DE MATERIA--TÉRMINO DE MATERIA |
| Término de materia o nombre geográfico como elemento de entrada |
Literatura dominicana. |
| 9 (RLIN) |
67 |
| 700 12 - PUNTO DE ACCESO ADICIONAL--NOMBRE DE PERSONA |
| Nombre de persona |
Raful, Tony, |
| Fechas asociadas al nombre |
1951- |
| Término indicativo de función/relación |
pról. |
| 9 (RLIN) |
1377 |
| 910 ## - DATOS DE OPCIÓN DEL USUARIO (OCLC) |
| Datos de opción del usuario |
Validado. Control de calidad MFF |